[Event "DANMJ"]
[Site "?"]
[Date "1998.04.08"]
[Round "7"]
[White "Jensen, Bjarke"]
[Black "Johannessen, Leif E."]
[Result "1/2-1/2"]
[WhiteElo "2110"]
[BlackElo "2290"]
[Annotator "Johannessen"]
[PlyCount "74"]

1. e4 e6 2. d3 d5 3. Nd2 c5 4. Ngf3 Nc6 5. g3 Bd6 6. Bg2 Nge7 7. O-O O-O 8. Re1
Qc7 9. c3 Bd7 10. Qe2 f6 11. Nf1 d4 12. Nh4 $6 {
Denne planen passer darlig sammen med trekkene Re1 og Qe2.} (12. a3 a5 13. a4
13... Be8 {er teori.}) 12... e5 13. g4 $2 {Et svakt trekk, etterfulgt av
remistilbud. Svart har allerede en solid fordel og jeg spiller selvfolgelig
videre.} 13... Nd8 $1 14. Ng3 Ne6 15. Qf1 Nf4 16. Bf3 16... g6 {Svarts stilling
er glimrende; han har et lekkert felt pa f4 og hvit har ikke noe tilsvarende
pa f5.} 17. Bxf4 {Ma spilles i lengden.} 17... exf4 18. Ne2 Nc6 19. Qg2 $6 ({
Bedre er} 19. h3 $17) 19... Be6 20. Reb1 {Og hva er poenget med dette?} 20...
Be5 21. c4 {Det var dette jeg ville fremtvinge.} 21... b5 $1 22. b3 {} 22...
bxc4 $2 {Dette skjodeslose trekket kaster vekk mye av svarts fordel.} (22...
Nb4 $1 {vinner bonde forsert:} 23. Rd1 (23. Nc1 Nc2) 23... bxc4 24. bxc4 24...
Bxc4 $1 25. dxc4 d3 26. Rab1 dxe2 27. Bxe2 27... Nxa2 {
og svart bor vinne greit.}) 23. bxc4 Nb4 24. Rb3 a5 25. Nc1 25... Rab8 {
Svart har fremdeles en solid fordel, men det er ikke lett a fa til noe mer.}
26. Bd1 Bd7 27. Qf1 Na6 28. h3 a4 29. Rbb1 Rb6 30. a3 Rfb8 31. Rxb6 Qxb6 32.
Ra2 Qa5 33. Qe2 Qc3 34. Qc2 Qxc2 (34... Qe1+ 35. Kg2 {gir ingenting.}) 35. Bxc2
Bc7 36. Kg2 Ba5 37. Kf3 37... Bc7 $2 {
Etter dette idiottrekket er stillingen remis.} ({Planen min var det sterke} 
37... Bc3 $1 {men med 1 minutt igjen pa klokka, hadde jeg ikke tid til a regne
alle variantene. Det viser seg at svarts stilling sannsynligvis er vunnet, f.
eks:} 38. Ne2 38... Nb4 $1 39. axb4 39... cxb4 {
og disse bondene vil marsjere ganske raskt inn. } 40. Bxa4 Bxa4 41. Rxa4 41...
b3 {osv.}) 1/2-1/2

[Event "DANMJ"]
[Site "?"]
[Date "1998.04.08"]
[Round "7"]
[White "Hansen, Torbjorn R."]
[Black "Lie, Kjetil A."]
[Result "0-1"]
[WhiteElo "2060"]
[BlackElo "2210"]
[Annotator "Lie"]
[PlyCount "68"]

1. c4 Nf6 2. Nc3 g6 3. g3 Bg7 4. Bg2 O-O 5. e4 d6 6. Nge2 e5 7. O-O Nc6 8. d3
Nd7 9. Be3 f5 10. exf5 gxf5 11. f4 Nf6 12. h3 Be6 13. b3 (13. Nd5 {
er en annen mulighet.}) 13... Qe8 14. Qd2 Qg6 15. Rad1 15... Kh8 {
For a ha muligheten til a spille Tg8.} 16. Nb5 Rf7 17. d4 (17. fxe5 dxe5 18. d4
$14) 17... exd4 18. Nbxd4 (18. Nexd4 18... Bd7 $2 19. Nxc7 $18) 18... Bd7 19.
Kh2 Re8 20. Bf2 (20. Nxc6 Bxc6 21. Bxc6 bxc6 22. Bxa7 22... c5 $19) 20... Ne4
21. Bxe4 fxe4 22. Be3 Qh5 23. f5 (23. Ng1) 23... Nxd4 24. g4 $6 {} (24. Nxd4)
24... Nf3+ $1 25. Rxf3 exf3 26. gxh5 fxe2 27. Re1 (27. Qxe2 27... Rxf5 $17)
27... Re4 28. Bf2 Rfe7 29. Qg5 $2 (29. h6 Bf6 30. c5 30... dxc5 $13) 29... h6 {
} 30. Qg6 $2 {Hvorfor inrommer du ikke feilen, Torbjorn?} 30... Rf4 31. Bd4 {
Et desperat forsok pa a grise det til.} (31. Bg3 31... Rxf5 $17 (31... Bxf5 32.
Qxg7+ $1 32... Rxg7 33. Bxf4 33... Bd3 $15)) 31... Bxd4 32. Qxh6+ Kg8 33. f6
Rxf6 34. Qg5+ 34... Kh7 {og her rant Torbjorns timeglass ut.} 0-1

[Event "DANMJ"]
[Site "?"]
[Date "1998.04.08"]
[Round "7"]
[White "Trygstad, Kristian"]
[Black "Ballo, Emanuel"]
[Result "1/2-1/2"]
[WhiteElo "2205"]
[BlackElo "2200"]
[PlyCount "26"]

1. e4 c5 2. Nc3 Nc6 3. g3 d6 4. Bg2 g6 5. d3 Bg7 6. Be3 e6 7. Qd2 b6 8. Nge2
Bb7 9. d4 Nge7 10. O-O O-O 11. Rad1 e5 12. dxc5 dxc5 13. f4 13... Qxd2 {
Hvis du virkelig ville, kunne du vel spille litt videre? Det er ikke sa dodt.}
1/2-1/2

[Event "DANMJ"]
[Site "?"]
[Date "1998.04.08"]
[Round "7"]
[White "Sagafos, Magne"]
[Black "Leer-Salvesen, Bjarte"]
[Result "0-1"]
[WhiteElo "1819"]
[BlackElo "2158"]
[PlyCount "56"]

1. e4 e6 2. d4 d5 3. Nc3 Nf6 4. Bg5 Be7 5. e5 Ne4 6. Nxe4 Bxg5 7. Nxg5 Qxg5 8.
g3 $6 (8. Nf3) 8... Qe7 9. a3 $2 {De fleste vil vel mene at 9.c3 var en mer
naturlig mate a forhindre Qb4 pa, samtidig stotter det opp d4.} 9... c5 10. Qg4
{Hva er poenget, skal han tvinge frem kort rokade? Det skal svar gjore
allikevel.} 10... O-O 11. f4 Nc6 12. dxc5 {
Hvit skal helst ikke spille dette trekket, men pga 9.a3 blir han nodt til det.}
12... f6 13. exf6 Rxf6 14. O-O-O Qxc5 15. Nh3 Nd4 16. c3 e5 17. Qh4 {} 17...
Bf5 {Colgate mot hull!} 18. Bd3 Nf3 19. Qh5 Qe3+ 20. Kb1 Bxd3+ 21. Ka1 Bg6 22.
Qg4 Bf5 23. Qh5 Bxh3 24. Qxh3 exf4 25. gxf4 Qe4 26. Qd7 Rf7 27. Qb5 a6 28. Qb6
Raf8 0-1

[Event "DANMJ"]
[Site "?"]
[Date "1998.04.08"]
[Round "7"]
[White "Lehiste, Margus"]
[Black "Hjort, Jens L."]
[Result "1-0"]
[WhiteElo "2096"]
[BlackElo "1991"]
[PlyCount "139"]

1. e4 {Dette er to gode teoretikere i siciliansk, og de holder seg lenge til
teorivariantene} 1... c5 2. Nf3 Nc6 3. d4 cxd4 4. Nxd4 Nf6 5. Nc3 e5 6. Ndb5 d6
7. Bg5 a6 8. Na3 b5 9. Nd5 Be7 10. Bxf6 Bxf6 11. c3 Bb7 12. Nc2 Nb8 13. a4 bxa4
14. Rxa4 Nd7 15. Nce3 Nc5 16. Rc4 Bg5 17. Be2 O-O 18. Bf3 a5 19. b4 axb4 20.
cxb4 Ne6 21. Rc3 Ba6 22. Be2 Bxe2 23. Qxe2 Ra1+ 24. Nd1 24... Nd4 {
Svart har begynt a feste grepet, sarlig ved hjelp av den gode loperen.} 25.
Qc4 Qa8 26. O-O Bd2 27. Rg3 Rc1 28. Qd3 28... Qa2 {Na har svart et godt press
pa hvit, og Lehiste ser seg nodt til a begynne a vandre med bonden.} 29. b5 Rb8
30. b6 Ba5 31. N1c3 $5 {
Hvit velger a beholde fribonden, og gir heller bort to offiserer for tarn.}
31... Rxc3 32. Nxc3 Bxc3 33. Re3 Qa5 34. Rb1 Bd2 35. Qa3 Nc6 36. Qxa5 Bxa5 37.
Rd3 Nd4 38. Ra3 Nc6 39. Rb5 {Tidsnod har fort til at svart ma gi fra seg en
offiser, og hvit kommer best inn i sluttspillet.} 39... Rxb6 40. Rxb6 Bxb6 41.
Ra6 Bc5 42. Rxc6 Kf8 43. Rc7 g6 44. Kf1 Kg7 45. Ke2 Kf6 46. f3 Bg1 47. h3 Bh2
48. Kd3 Ke6 49. Kc4 h6 50. Rc8 Bf4 51. Kb5 Bg5 52. Kc6 Be7 53. Rh8 Bg5 54. g3
h5 55. h4 Bd2 56. g4 hxg4 57. fxg4 {
Hvit har spilt bra, og er pa vei til a skaffe seg en fribonde.} 57... f5 58.
exf5+ gxf5 59. g5 e4 60. g6 Kf6 61. h5 Kg7 62. Rh7+ Kg8 63. Rf7 Bh6 64. Rxf5 e3
65. Rf1 Bf8 66. Re1 Bh6 67. Kxd6 Bg5 68. Ke5 Kg7 69. Kf5 Bh6 70. Ke4 {} 1-0

[Event "DANMJ"]
[Site "?"]
[Date "1998.04.08"]
[Round "7"]
[White "Bae, Torstein"]
[Black "Hagesather, Ellen"]
[Result "1/2-1/2"]
[WhiteElo "2180"]
[BlackElo "2045"]
[PlyCount "132"]

1. d4 Nf6 2. c4 g6 3. Nc3 Bg7 4. e4 d6 5. f3 {
Endelig far Torstein brukt Saemisch'en han liker best.} 5... O-O 6. Bg5 c6 7.
Nge2 e5 8. d5 c5 9. Qd2 Na6 10. g4 Nc7 11. Ng3 Bd7 12. h4 Rb8 13. h5 b5 14. Nf5
$6 {Hei hvor det gar. Hadde du kalkulert alle variantene, Torstein?} 14... gxf5
15. h6 Bh8 16. gxf5 Re8 17. Nd1 Kf8 18. Ne3 Qc8 19. Qf2 19... Rd8 {Svart har ik
ke hatt mye glede av denn ekstra offiseren enda, en grunn til det, er et hun
lukket stillingen rett for offeret.} 20. Qh4 Nce8 21. Ng4 Ke7 22. f4 22... Qc7
{Svart holder stillingen akkurat, men den bare venter pa a bli overkjort.} 23.
O-O-O Rb6 24. fxe5 dxe5 25. Nxe5 Qxe5 26. Bf4 Qxe4 27. Re1 Qxe1+ 28. Qxe1+
28... Kf8 {En merkelig materiell fordeling, tarn og to lette mot dronning og
bonde. Men svarts kongestilling veier opp for hvits litt underlegne materiell.}
29. Be3 Ne4 30. Bd3 N8d6 31. Bxe4 Nxe4 32. Rh4 {Svart ma gi opp noe av
materiellet sitt, men ved det hun valgte, beholder hun loperparet, og far noen
bonder.} 32... bxc4 33. Rxe4 Bxb2+ 34. Kd1 Ba4+ 35. Ke2 Rxd5 36. Qa5 Bd1+ 37.
Ke1 Rc6 38. Qxa7 Bc3+ 39. Kf1 Rxf5+ 40. Rf4 Rxf4+ 41. Bxf4 41... Bg4 $2 (41...
Rc8 42. Bg5) 42. Bg5 Bh3+ 43. Kg1 43... Bf6 $2 (43... Rc8 44. Kh2 Be6 45. Qe7+
Kg8 46. Bf6 Bd4 47. Bg7 Bxg7 48. Qg5 Kf8 49. Qxg7+ Ke7 50. Qxh7 $18) 44. Bxf6
$4 (44. Qb8+ Rc8 45. Qd6+) 44... Rxf6 45. Qxc5+ Ke8 46. a4 (46. Qe5+ Re6 47.
Qh8+ Ke7 48. Qxh7 c3 49. Qd3 c2 50. Qa3+ 50... Kd7 {svart holder seg sa vidt.})
46... Bd7 47. a5 Rxh6 48. Qxc4 Rc6 49. Qd5 Rg6+ 50. Kf2 50... Bc8 {
Svart har na sikret seg mot videre fremstot for a-bonden, og det er remis.} 51.
Qb5+ Ke7 52. Qe5+ Kd8 53. Qh8+ Kd7 54. Qxh7 Rf6+ 55. Ke3 Ba6 56. Kd4 Ke7 57.
Qh4 Ke6 58. Qe4+ Kd7 59. Kc5 Re6 60. Qd5+ Ke7 61. Qf5 Ke8 62. Qg5 Be2 63. Qg8+
Ke7 64. Qc8 Ba6 65. Qc7+ Ke8 66. Qa7 Be2 1/2-1/2

[Event "DANMJ"]
[Site "?"]
[Date "1998.04.08"]
[Round "7"]
[White "Mellem, Nikolas A."]
[Black "Johansen, Terje"]
[Result "0-1"]
[WhiteElo "1648"]
[BlackElo "2260"]
[PlyCount "44"]

1. d4 d5 2. c4 c6 3. Nf3 Nf6 4. Nc3 dxc4 5. e3 $6 5... b5 6. a4 b4 7. Nb1 a5 8.
Bxc4 e6 9. O-O Nbd7 10. Re1 Be7 11. e4 Bb7 12. Bf4 O-O 13. Ng5 Nb6 14. Bxe6
fxe6 15. Nxe6 Qd7 16. Qb3 Kh8 17. Nxf8 Rxf8 18. e5 Ng4 19. Be3 c5 20. dxc5 (20.
Qd1 $8 20... Nc4 {f.eks. Svart har mange muligheter og star klart best. Legg
merke til  de gode loperne.}) 20... Qc6 21. f3 {} 21... Rxf3 22. Re2 (22. gxf3
Qxf3 23. Qc2 Qh1#) 22... Rxe3 {23.Qc2 Qxg2 24.Rxg2 Re1 matt.} 0-1

[Event "DANMJ"]
[Site "?"]
[Date "1998.04.08"]
[Round "7"]
[White "Almstrom, Martin"]
[Black "Olsen, Anders"]
[Result "1-0"]
[WhiteElo "2195"]
[BlackElo "1764"]
[PlyCount "63"]

1. Nf3 Nf6 2. c4 g6 3. Nc3 Bg7 4. e4 d6 5. d4 O-O 6. Be2 e5 7. O-O Nc6 8. d5
Ne7 9. b4 9... Nd7 $6 {
All teori sier at denne skal til e8, eventuelt til h5 i ekstreme tilfeller.}
10. Ba3 a5 11. bxa5 Rxa5 12. Bb4 Ra8 13. a4 f5 14. Ng5 $1 {
Dette straffer unoyaktigeheten med springertrekket.} 14... Nf6 15. Bf3 h6 16.
Ne6 Bxe6 17. dxe6 Nc6 18. Ba3 f4 19. c5 Nd4 20. Nb5 Nxb5 21. axb5 {Igjen har hv
it fatt problemer med springerplasseringen. Na er det d6 som er veldig svak.
Men det hadde kanskje vart bedre a la hvit fa denne, enn a gi kvalitet.} 21...
d5 22. c6 Rxa3 (22... Re8 23. exd5 $16) 23. Rxa3 bxc6 24. bxc6 dxe4 25. Qxd8
Rxd8 26. Rd1 Rxd1+ 27. Bxd1 Kf8 28. Ra7 Ne8 29. Bc2 Ke7 30. Bxe4 Kd6 31. Bxg6
Nf6 32. e7 1-0

[Event "DANMJ"]
[Site "?"]
[Date "1998.04.08"]
[Round "7"]
[White "Gunnesdal, Lars"]
[Black "Borchgrevink, Harald"]
[Result "1/2-1/2"]
[WhiteElo "1715"]
[BlackElo "1848"]
[PlyCount "89"]

1. e4 d6 2. d4 g6 3. Nc3 Bg7 4. Be3 Nf6 5. f3 O-O 6. Qd2 Nbd7 7. O-O-O c6 8. h4
b5 9. g4 9... h5 $6 {Det er ganske risikabel a la hvit fa sla pa h5 med bonden,
som na vil skje. Men det var vel ikke sarlig bedre a la ham fa spille h5, og
fa en apen h-linje i stedet. I sammenligning med f.eks. Dragen, har hvit en
del tempo ekstra her.} 10. e5 Ne8 (10... dxe5 11. dxe5 11... Nxe5 $4 12. Qxd8)
11. gxh5 gxh5 12. Bh6 Qc7 13. Bxg7 Nxg7 14. Nh3 dxe5 15. Rg1 f6 16. Bd3 Rf7 17.
Bg6 Nf8 18. Bxf7+ {Dette er prisen svart ma betale, for a apne opp g-linja.}
18... Kxf7 19. Qh6 19... Nfe6 {} 20. Rxg7+ $2 (20. Ne4 {
Etter dette er det vel en ganske dodelig trussel med Rxg7 og Nhg5+.}) 20...
Nxg7 21. Ng5+ fxg5 22. Ne4 Bf5 23. Nxg5+ Kg8 24. Ne6 Bxe6 25. Rg1 Bg4 26. fxg4
exd4 27. gxh5 Qe5 28. Qg6 Rf8 29. h6 Rf7 30. b3 Qf6 31. h5 Kh8 32. hxg7+ Qxg7
33. Kd2 Qxg6 34. Rxg6 34... Rf6 {Partiet har ebbet ut i et spennende
tarnsluttspill. Regelen om at gode taktikere ogsa ma vare gode i sluttspill
gjelder her ogsa. Lars ma spille godt for a holde dette.} 35. Rg4 e5 (35... c5
36. b4) 36. Kd3 Rf3+ (36... c5 37. b4 c4+ 38. Ke4 Rf2 39. Kxe5 Rxc2 40. Rxd4
40... Rxa2 $13) 37. Ke4 Re3+ 38. Kf5 Re2 39. Re4 Rxc2 40. Rxe5 d3 41. Re7 Rxa2
42. Rd7 a5 (42... d2 43. Kg6 d1=Q 44. Rxd1 Rg2+ 45. Kf5) 43. Rxd3 a4 44. bxa4
bxa4 45. Rc3 {Dermed endte de opp med et 1 mot 1 tarnsluttspill, og det er vel
sa remis som det kan far blitt.} 1/2-1/2

[Event "DANMJ"]
[Site "?"]
[Date "1998.04.08"]
[Round "7"]
[White "Kimari, Patrick"]
[Black "Heimreid, Ken-Ivar"]
[Result "1-0"]
[WhiteElo "2150"]
[BlackElo "1652"]
[PlyCount "43"]

1. e4 c5 2. c3 e6 3. d4 3... d5 {Vanligvis liker ikke sicilianskspillere a
spille fransk, men om svart gjor det her, er det en stor fordel.} 4. e5 Nc6 5.
Be3 Bd7 6. Nf3 cxd4 7. cxd4 Qb6 8. Qd2 Bb4 9. Nc3 Nge7 10. Bd3 g6 11. O-O Nf5
12. a3 Bxc3 13. bxc3 Nxe3 14. fxe3 14... Na5 $2 {Etter spillernes egne notater,
og det stotter vi dem i. Hvit bruke na den apne f-linja for alt den er verdt.}
15. Ng5 15... O-O {Dette blir a hoppe rett inn i lovens hule. Svarts
offiserer har ikke mulighet til a komme kongen sin til unnsetning, og hvit kan
bare gjore naturlige angrepstrekk som han vil.} 16. Qf2 Qd8 17. Qh4 h5 18. Rf6
Kg7 19. Raf1 Qe7 20. g4 20... Be8 {} 21. Bxg6 $1 21... fxg6 22. Rxf8 1-0

[Event "DANMJ"]
[Site "?"]
[Date "1998.04.08"]
[Round "7"]
[White "Berg-Jensen, Joachim"]
[Black "Lie, Ole A."]
[Result "1/2-1/2"]
[WhiteElo "1632"]
[BlackElo "1637"]
[PlyCount "25"]

1. d4 g6 2. e4 Bg7 3. c4 d6 4. Nc3 Nf6 5. f3 O-O 6. Be3 e5 7. dxe5 dxe5 8. Qxd8
Rxd8 9. Nd5 Nxd5 10. cxd5 c6 11. Bc4 cxd5 12. Bxd5 Na6 13. a3 {Man ma virkelig
beromme "remis-Ole" for a vare flink til a bytte av. Du er fortsatt den store
remismesteren! Problemet er bare at sjakkspillere bytter av nar de far fordel
av det i sluttspillet. Har du vart borte i noen av Hans Olavs timer?} 1/2-1/2

[Event "DANMJ"]
[Site "?"]
[Date "1998.04.08"]
[Round "7"]
[White "Hansen, Victor"]
[Black "Vagle, Raymond"]
[Result "1/2-1/2"]
[WhiteElo "1631"]
[BlackElo "1536"]
[PlyCount "84"]

1. e4 d5 2. exd5 Nf6 3. Bc4 Bg4 4. Nf3 Nxd5 5. d4 e6 6. c3 Be7 7. O-O Nd7 8.
Re1 O-O 9. Nbd2 N7f6 10. Ne4 Nxe4 11. Rxe4 Nf6 12. Re1 c5 13. Be3 Rc8 14. Be2
Qc7 15. dxc5 Bxc5 16. Bxc5 Qxc5 17. Nd4 Bxe2 18. Qxe2 a6 19. Rad1 Rfd8 20. Rd3
20... Rd5 {Begge to har spilt fornuftige trekk fram til na, men hvit spiller
tydeligvis hardt pa vinst. Kanskje "remis-Ole" har noe a lare her?} 21. Nxe6
fxe6 22. Qxe6+ Kf8 23. Rxd5 Nxd5 24. Re5 Rd8 25. Rf5+ Nf6 26. g4 (26. Rxc5 $4
26... Rd1+) 26... Qe7 27. Qc4 Ke8 28. g5 Nh5 29. Qg8+ Kd7 30. Qxh7 Qe1+ 31. Kg2
Qe6 32. Rc5 32... Nf4+ {
Starten pa slutten av partiet, svart finner en vei til remis.} 33. Kg3 Ne2+ 34.
Kg2 Qg4+ 35. Kf1 Qg1+ 36. Kxe2 Re8+ 37. Kf3 (37. Kd3 $4 37... Qb1+ 38. Kd4 Qxh7
) 37... Qh1+ 38. Kg3 Qg1+ 39. Kf3 Qh1+ 40. Kg3 Qg1+ 41. Kh3 Qf1+ 42. Kg3 Qg1+
1/2-1/2

[Event "DANMJ"]
[Site "?"]
[Date "1998.04.08"]
[Round "7"]
[White "Lie, Espen"]
[Black "Valeinis, Janis"]
[Result "1/2-1/2"]
[WhiteElo "1808"]
[BlackElo "2177"]
[PlyCount "38"]

1. e4 e5 2. Nf3 Nc6 3. d4 exd4 4. Bc4 Nf6 5. e5 d5 6. Bb5 Ne4 7. Nxd4 Bd7 8.
Bxc6 bxc6 9. O-O Bc5 10. Be3 O-O 11. f3 Ng5 12. Kh1 Bb6 13. c3 Qe7 14. Bxg5
Qxg5 15. f4 Qe7 16. Nd2 c5 17. N4b3 a5 18. a4 Bc6 19. Nf3 19... f5 {Vi vil past
a at ogsa disse spillerne er feige. Hva har de a tape? Svart har til og med
loperparet, og mulighet til a fa tarnene i sentrum ganske raskt, men det skal
sies at bondene er litt svake.} 1/2-1/2

[Event "DANMJ"]
[Site "?"]
[Date "1998.04.08"]
[Round "7"]
[White "Svendsen, Bertil"]
[Black "Pronstad, Thomas"]
[Result "1-0"]
[WhiteElo "1696"]
[BlackElo "1366"]
[PlyCount "33"]

1. d4 d5 2. Bg5 c6 3. Nf3 Qb6 4. Qc1 h6 5. Bf4 (5. Bh4 $2 5... g5 6. Bg3 g4 7.
Ne5 Qxd4) 5... Bf5 6. b3 {} 6... Nf6 $4 {
Det skulle vart mulig a lukte lunta nar hvit spiller b3.} 7. Bxb8 Rxb8 8. Qf4
Rd8 9. Qxf5 e6 10. Qd3 Ne4 11. c3 c5 12. e3 c4 13. Qc2 cxb3 14. Qxb3 Qxb3 15.
axb3 Rc8 16. Bb5+ Kd8 17. Ne5 {Det var absolutt pa tide a gi opp na.} 1-0

[Event "DANMJ"]
[Site "?"]
[Date "1998.04.08"]
[Round "7"]
[White "Ovnerud, Thomas"]
[Black "Ekeberg, Carl Fr."]
[Result "1/2-1/2"]
[WhiteElo "1815"]
[BlackElo "1627"]
[PlyCount "37"]

1. d4 Nf6 2. Nf3 g6 3. c4 Bg7 4. Nc3 O-O 5. e4 d6 6. Be2 e5 7. O-O Nc6 8. d5
Ne7 9. Nd2 {Vanligvis spiller hvit 9.Ne1, men i denne varianten skal hvit ut a
ga med kongen, og da ville springeren stenge veien.} 9... Ne8 10. f3 f5 11. b4
f4 12. Nb3 g5 13. c5 h5 14. Ba3 Nf6 15. Kf2 Ng6 16. Ke1 Nh4 17. Rg1 g4 18. Bc1
Kh8 19. Kd2 {Dette er ikke akkurat en utpreget remisstilling. Sa lenge noen av
spillerne risikerer noe ved a tape, burde de kanskje ha spilt litt videre.}
1/2-1/2

[Event "DANMJ"]
[Site "?"]
[Date "1998.04.08"]
[Round "7"]
[White "Teigum, Amund"]
[Black "Villmo, Harald"]
[Result "1/2-1/2"]
[WhiteElo "1016"]
[BlackElo "1290"]
[PlyCount "31"]

1. e4 e5 2. Nf3 Nc6 3. d4 exd4 4. Nxd4 Bc5 5. c3 Qf6 6. Be3 Nge7 7. b4 Bb6 (
7... Bxd4 8. Bxd4 Nxd4 9. Qxd4 Qxd4 10. cxd4 O-O 11. Bc4 $14) 8. Na3 O-O 9. Bc4
d6 10. Nac2 Re8 11. O-O Bd7 12. Qd2 (12. f4 $5 {
Hindrer springeren a komme til e5.}) 12... Ne5 13. Bb3 N7c6 14. f3 Qg6 15. Kh1
Kh8 16. a4 1/2-1/2

[Event "DANMJ"]
[Site "?"]
[Date "1998.04.08"]
[Round "7"]
[White "Bjerke, Silje"]
[Black "Nilsen, Ole Tommy"]
[Result "0-1"]
[WhiteElo "1664"]
[BlackElo "1415"]
[PlyCount "42"]

1. e4 e5 2. Nf3 Nf6 3. Nxe5 d6 4. Nf3 Nxe4 5. d3 Nf6 6. Bg5 h6 7. Bh4 g5 8. Bg3
Bf5 9. Nbd2 Nc6 10. h3 $2 {En unodvendig svekkelse.} 10... Qd7 11. c3 O-O-O 12.
Be2 Re8 13. Nc4 g4 14. hxg4 Nxg4 15. Bf4 $6 {Hva er egentlig poenget? Hvit
burde prove a rokere raskest mulig, kongen star ikke helt trygt i sentrum.}
15... Rg8 16. Nh4 d5 17. Ne3 Nxe3 18. Bxe3 Bg4 19. Bxg4 Qxg4 20. Qd2 $4 {
Dette er ikke pent Silje!} 20... d4 21. cxd4 {Na har det seg sann at
dronninger stort sett er mer verdt enn lopere, sa kanskje du skulle latt ham
ta loperen i stedet?} 21... Bb4 {Her gjorde hvit lang rokade. Dessverre sier
sjakkreglene noe om at det ikke er lov. ChessBase har fatt det med seg, men
Silje virker a vare i en slags komatilstand,og har i lopet av tre trekk bukket
loper, dronning, og kongen hvis det hadde vart lynsjakk. Na burde kanskje
Nilsen ogsa sett dette, men han far vare unnskyldt nar han bare kan ta dama.
Resten av partiet blir notert pa den primitive maten. 22.0-0-0 Bxd2+ 23.Rxd2
Nxd4 24.Bxd4 xd4 25.Kc2 Qa4+ 26.b3 Qc6+ 27.Kb1 Rxh4 28.Rc1 Qxg2 29.Rdc2 c6 30.
f4 Qf3 31.b4 Rh1 32.oppgitt} 0-1

[Event "DANMJ"]
[Site "?"]
[Date "1998.04.08"]
[Round "7"]
[White "Brakkan, Kolbjorn"]
[Black "Ferkingstad, Trond"]
[Result "1/2-1/2"]
[WhiteElo "1648"]
[BlackElo "1016"]
[PlyCount "84"]

1. d4 d5 2. Nf3 Nc6 3. Bg5 h6 4. Bh4 Bf5 5. c3 Qd7 6. e3 a6 7. Bd3 Bxd3 8. Qxd3
e6 9. Nbd2 Be7 10. Bxe7 Ngxe7 11. a4 Ng6 12. O-O O-O 13. b4 Rfe8 14. Nb3 b6 15.
b5 axb5 16. axb5 Na7 17. Rfb1 Qxb5 18. Qc2 Qc6 19. Rc1 Nb5 20. Nfd2 Rxa1 21.
Nxa1 Na3 22. Qb3 Ra8 23. Nc2 Nxc2 24. Qxc2 Ra4 25. Qb3 Ne7 26. g3 b5 27. Rb1
Ra8 28. Qxb5 Qxc3 29. Qb4 Qxb4 30. Rxb4 Nc6 31. Rb7 Ra7 32. Rb5 Kf8 33. Nb3 Ke7
34. Kg2 Kf6 35. h4 g6 36. f4 Ra2+ 37. Kf3 Rd2 38. Rb7 Nd8 39. Rb8 Nc6 40. Rb7
Nd8 41. Rb8 Nc6 42. Rb7 Nd8 1/2-1/2

[Event "DANMJ"]
[Site "?"]
[Date "1998.04.08"]
[Round "7"]
[White "Angeltveit, Vigleik"]
[Black "Ytteborg, Jan H."]
[Result "1-0"]
[WhiteElo "1642"]
[BlackElo "1276"]
[PlyCount "89"]

1. e4 e5 2. Bc4 Nf6 3. Nc3 d6 4. Nge2 Be6 5. Bb3 Nc6 6. O-O d5 7. exd5 Nxd5 8.
Ba4 Nb6 9. Bxc6+ bxc6 10. d4 10... exd4 $2 (10... Bd6) 11. Nxd4 Bd5 12. Re1+
Be7 13. Nxd5 {} 13... cxd5 $4 (13... Qxd5 14. Qe2 14... Nc8 {
er et alternativ, men ogsa det gir stor fordel til hvit.}) 14. Nc6 $18 14...
Qd6 15. Nxe7 Kf8 16. Nf5 Qf6 17. Qe2 g6 18. Ng3 Kg7 19. Qe5 Qxe5 20. Rxe5 Kf6
21. Re2 c6 22. Bf4 Rhe8 23. Rae1 Rec8 24. Be5+ Ke6 25. Bd4+ Kd6 26. b4 Nd7 27.
Re7 Rf8 28. Bg7 Rg8 29. Rxf7 Rae8 30. Rxe8 Rxe8 31. Bc3 h5 32. Kf1 Re6 33. Ne2
Ne5 34. Bxe5+ Rxe5 35. Rf6+ Re6 36. Rxe6+ Kxe6 37. Nd4+ Kd6 38. Ke2 c5 39. Nb5+
Kc6 40. Nxa7+ Kb6 41. bxc5+ Kxa7 42. Kd3 Kb7 43. Kd4 Kc6 44. f4 h4 45. a4 1-0